| 000 | 01310nam0a22002891 4500 | ||
|---|---|---|---|
| 001 | rc\656424 | ||
| 005 | 20260406121137.0 | ||
| 035 | _a(NLR Aleph) 005896009 | ||
| 090 |
_a6226997 _c6226997 |
||
| 100 | _a20031121d1986 |||y0rusy50 ca | ||
| 101 | 0 | _arus | |
| 102 | _aRU | ||
| 105 | _aa ||||||||| | ||
| 200 | 1 |
_aЭволюция магматизма Средней Азии _f[И.К. Абубакиров, А.А. Кустарникова, К.А. Рахманов и др.] _gОтв. ред. И.Х. Хамрабаев, А.К. Симон _gАН СССР, Петрогр. ком., Ин-т геологии и геофизики им. Х.М. Абдуллаева АН УзССР |
|
| 210 |
_aМ. _cНаука _d1986 |
||
| 215 |
_a276, [1] с. _cил. _d21 |
||
| 300 | _aАвт. указаны на обороте тит. л. | ||
| 320 | _aБиблиогр.: с. 271-274 (104 назв.) | ||
| 701 | 1 |
_aАбубакиров _bИ.К. |
|
| 702 | 1 |
_4340 _7ca _8rus _aХамрабаев _bИ. Х. _f1920-2002 _gИбрагим Хамрабаевич _9267356 _3RU\NLR\AUTH\770267412 |
|
| 712 | 0 | 2 |
_aАН СССР _bПетрографический комитет _3RU\NLR\AUTH\8813684 _9300416 |
| 801 | 0 |
_aRU _bNLR _gpsbo |
|
| 801 | 1 |
_aRU _bELAR _2rusmarc |
|
| 852 |
_aNLR _j87-5/170 |
||
| 942 | _cBOOK | ||
| 980 | _aNB | ||